| 000 | 01590nam a2200445 c 4500 | ||
|---|---|---|---|
| 999 |
_c50870 _d50870 |
||
| 001 | 50870 | ||
| 003 | ES-MaCES | ||
| 005 | 20250526142656.0 | ||
| 007 | cr ||||||||||| | ||
| 008 | 180725s2018 sp 000 | spa d | ||
| 017 |
_aNA 2913-2017 _bDL |
||
| 020 | _a9788490144190 | ||
| 020 | _a9788491770244 (electrónico) | ||
| 040 |
_aES-MaCES _bspa _cES-MaCES |
||
| 100 | 1 |
_aBalaguer Pérez, Amalia _939217 |
|
| 245 | 1 | 3 |
_aEl derecho a la vivienda en el Derecho constitucional europeo _cAmalia Balaguer Pérez ; pr., Yolanda Gómez Sánchez |
| 250 | _a1ª ed | ||
| 260 |
_aCizur Menor (Navarra) _bThomson Reuters Aranzadi _c2018 |
||
| 300 |
_a249 p. _c24 cm |
||
| 490 | 1 |
_aMonografías Aranzadi _v964. Derecho constitucional |
|
| 500 | _aDisponible en formato electrónico mediante la aplicación PROVIEW | ||
| 541 | _cCompra | ||
| 650 | 4 |
_avivienda _928598 |
|
| 650 | 4 |
_anecesidades de vivienda _928600 |
|
| 650 | 4 |
_aderecho constitucional _927158 |
|
| 650 | 4 |
_aderecho comunitario _929866 |
|
| 650 | 4 |
_aderecho comparado _929868 |
|
| 650 | 4 |
_aderecho internacional _926684 |
|
| 650 | 4 |
_aUE _926752 |
|
| 650 | 4 |
_apaís de la UE _929020 |
|
| 650 | 4 |
_aEspaña _926964 |
|
| 650 | 4 |
_arégimen jurídico _929894 |
|
| 653 | 1 | 0 | _aDerecho constitucional |
| 700 | 1 |
_913684 _aGómez Sánchez, Yolanda _epr. |
|
| 830 | 0 |
_aMonografías Aranzadi _v964 _932673 |
|
| 830 | 0 |
_aMonografías Aranzadi _pDerecho constitucional _933712 |
|
| 856 | 4 |
_uhttps://legalteca.aranzadilaley.es/my-library?sponsor=82111144-IP _yLegalteca |
|
| 902 | _aLIB Libro | ||
| 942 |
_2CES _cBK _h6.0.3. |
||